公民館が一つもない市 - Statistics

General Stats
  • This quiz has been taken 3 times
  • The average score is 5 of 126
Answer Stats
消滅した市町村名 現在の市町村名 % Correct
北海道 歌志内市
100%
北海道 小樽市
100%
北海道 稚内市
100%
北海道 芦別市
50%
北海道 岩見沢市
50%
北海道 夕張市
50%
北海道 帯広市
0%
北海道 伊達市
0%
北海道 室蘭市
0%
青森県 十和田市
0%
岩手県 一関市
0%
岩手県 奥州市
0%
岩手県 北上市
0%
岩手県 久慈市
0%
岩手県 滝沢市
0%
岩手県 花巻市
0%
岩手県 八幡平市
0%
宮城県 東松島市
0%
秋田県 鹿角市
0%
山形市 長井市
0%
福島県 伊達市
0%
福島県 南相馬市
0%
茨城県 牛久市
0%
茨城県 つくば市
0%
茨城県 日立市
0%
茨城県 ひたちなか市
0%
茨城県 水戸市
0%
茨城県 龍ケ崎市
0%
群馬県 沼田市
0%
埼玉県 鶴ヶ島市
0%
埼玉県 東松山市
0%
千葉県 勝浦市
0%
東京都 青梅市
0%
東京都 清瀬市
0%
東京都 立川市
0%
東京都 八王子市
0%
東京都 羽村市
0%
東京都 東久留米市
0%
東京都 町田市
0%
東京都 三鷹市
0%
東京都 武蔵野市
0%
神奈川県 海老名市
0%
神奈川県 小田原市
0%
神奈川県 逗子市
0%
神奈川県 横須賀市
0%
神奈川県 横浜市
0%
新潟県 妙高市
0%
富山県 射水市
0%
富山県 南砺市
0%
石川県 七尾市
0%
山梨県 富士吉田市
0%
岐阜県 可児市
0%
岐阜県 美濃加茂市
0%
静岡県 磐田市
0%
静岡県 御前崎市
0%
静岡県 湖西市
0%
静岡県 御殿場市
0%
静岡県 静岡市
0%
静岡県 沼津市
0%
静岡県 浜松市
0%
静岡県 袋井市
0%
静岡県 富士市
0%
静岡県 藤枝市
0%
愛知県 岩倉市
0%
愛知県 岡崎市
0%
愛知県 豊川市
0%
愛知県 豊田市
0%
愛知県 名古屋市
0%
三重県 桑名市
0%
三重県 名張市
0%
滋賀県 草津市
0%
滋賀県 湖南市
0%
滋賀県 長浜市
0%
滋賀県 東近江市
0%
滋賀県 米原市
0%
滋賀県 野洲市
0%
滋賀県 栗東市
0%
京都府 京都市
0%
京都府 南丹市
0%
大阪府 和泉市
0%
大阪府 大阪市
0%
大阪府 交野市
0%
大阪府 寝屋川市
0%
大阪府 枚方市
0%
大阪府 箕面市
0%
大阪府 守口市
0%
大阪府 八尾市
0%
兵庫県 明石市
0%
兵庫県 朝来市
0%
兵庫県 尼崎市
0%
兵庫県 小野市
0%
兵庫県 三田市
0%
兵庫県 宍粟市
0%
兵庫県 丹波市
0%
兵庫県 豊岡市
0%
奈良県 生駒市
0%
島根県 出雲市
0%
島根県 雲南市
0%
島根県 江津市
0%
島根県 浜田市
0%
広島県 安芸高田市
0%
広島県 呉市
0%
広島県 庄原市
0%
広島県 竹原市
0%
広島県 東広島市
0%
広島県 三次市
0%
山口県 宇部市
0%
山口県 周南市
0%
山口県 光市
0%
山口県 山口市
0%
香川県 高松市
0%
福岡県 朝倉市
0%
福岡県 糸島市
0%
福岡県 うきは市
0%
福岡県 大野城市
0%
福岡県 小郡市
0%
福岡県 北九州市
0%
福岡県 久留米市
0%
福岡県 筑紫野市
0%
福岡県 宗像市
0%
佐賀県 伊万里市
0%
佐賀県 鳥栖市
0%
長崎県 佐世保市
0%
宮崎県 えびの市
0%
鹿児島県 南九州市
0%
沖縄県 糸満市
0%
No matching quizzes found
Score Distribution
Percent of People with Each Score
Percentile by Number Answered
Your Score History
You have not taken this quiz